The Shining Star of the Orient (Record no. 137780)

MARC details
000 -LEADER
fixed length control field 00477nam a22001937a 4500
003 - CONTROL NUMBER IDENTIFIER
control field OSt
005 - DATE AND TIME OF LATEST TRANSACTION
control field 20260221135321.0
008 - FIXED-LENGTH DATA ELEMENTS--GENERAL INFORMATION
fixed length control field 260221b |||||||| |||| 00| 0 eng d
040 ## - CATALOGING SOURCE
Transcribing agency SBC
082 ## - DEWEY DECIMAL CLASSIFICATION NUMBER
Classification number 282.092
Item number KAT-S
100 ## - MAIN ENTRY--PERSONAL NAME
Personal name Kattoor, Jacob
245 ## - TITLE STATEMENT
Title The Shining Star of the Orient
Remainder of title Biography
260 ## - PUBLICATION, DISTRIBUTION, ETC.
Place of publication, distribution, etc. Kottayam
Name of publisher, distributor, etc. Alois Graphics
Date of publication, distribution, etc. 2005
300 ## - PHYSICAL DESCRIPTION
Extent 110p.
630 ## - SUBJECT ADDED ENTRY--UNIFORM TITLE
General subdivision Christian
650 ## - SUBJECT ADDED ENTRY--TOPICAL TERM
Topical term or geographic name entry element Religion
650 ## - SUBJECT ADDED ENTRY--TOPICAL TERM
Topical term or geographic name entry element Christian denominations
942 ## - ADDED ENTRY ELEMENTS (KOHA)
Koha item type BOOK
Holdings
Withdrawn status Lost status Source of classification or shelving scheme Damaged status Not for loan Home library Current library Date acquired Cost, normal purchase price Total Checkouts Full call number Barcode Shelving location Date last seen Price effective from Koha item type
    Dewey Decimal Classification     SB LIBRARY SB LIBRARY 21/02/2026 100.00   282.092 KAT-S CC0318 CATHOLIC COLLECTION 21/02/2026 21/02/2026 BOOK

Powered by Koha